000 00914nam a22002297a 4500
005 20080617102642.0
008 080617t xxu||||| |||| 00| 0 eng d
010 _aENG-90345
020 _c990.00
035 _aEN-73878
037 _bDBAD / PUB
040 _aDPL
_bEN
082 _a347.54077
100 _aBissa, Raman
245 _aCTR year book 2008:
_cby Raman Bissa [and] Rajesh Kapoor
_ba complete digest of judgments reported during the year 2007 in CTR, ITR & Taxman /
260 _aJodhpur
_bCurrent Tax Reporter
_c2008
270 _a'Archana' , 34-Heavy Industrial Area,
_bJodhpur
_e342003
300 _aVarious pagings
_c25 cm (Hb)
700 _aKapoor, Rajesh
942 _cEN
_h347.54077
_2ddc
_mBIS
999 _c13728
_d13728